|
|
|
|
| LEADER |
01114nab#a2200385#ar4500 |
| 001 |
000115921 |
| 003 |
SVKKK |
| 005 |
20150825113845.0 |
| 008 |
150811c2008 xo |||||||||||||||b|slo |
| FMT |
|
|
|
| 015 |
|
|
|a SNBRB2015/08
|
| 038 |
|
|
|a SVKKK
|
| 040 |
|
|
|a SVKKK
|b slo
|e AACR2
|
| 041 |
0 |
|
|a slo
|b eng
|
| 044 |
|
|
|a xo
|c SK
|
| 080 |
|
|
|a 539.16
|2 2008
|
| 080 |
|
|
|a 502
|2 2008
|
| 090 |
|
|
|a V.231665
|
| 100 |
1 |
|
|a Mátel, Ľubomír
|4 aut
|
| 245 |
1 |
0 |
|a Rádiochemické analýzy pre stanovenie rádionuklidov vo vzorkách životného prostredia
|c Ľubomír Mátel, Oľga Rosskopfová
|
| 300 |
|
|
|b Obr., tab.
|
| 504 |
|
|
|a Bibliogr. odkazy
|
| 546 |
|
|
|a Res. angl.
|
| 650 |
0 |
4 |
|a rádioaktivita
|
| 650 |
0 |
4 |
|a environmentálna analýza
|
| 650 |
0 |
4 |
|a životné prostredie
|
| 700 |
1 |
|
|a Rosskopfová, Oľga
|4 aut
|
| 773 |
0 |
|
|t Využitie chemických metód pri ochrane a podpore zdravia obyvateľstva
|d Košice : Univerzita Pavla Jozefa Šafárika v Košiciach, 2008
|g S. 115-120
|z 9788070977279
|
| 958 |
|
|
|a NB
|
| 974 |
|
|
|a Va
|
| 992 |
|
|
|a RZB
|
| BAS |
|
|
|
| 852 |
|
|
|a SVKKK
|b BIB
|
| EXP |
|
|
|
| 998 |
|
|
|a SLO
|